LEGO Series 3 Minifigures by Picture - Statistics

General Stats
  • This quiz has been taken 17 times
  • The average score is 11 of 16
Answer Stats
Picture Answer % Correct
Pilot
100%
Gorilla Suit Guy
85%
Mummy
85%
Fisherman
77%
Tribal Chief
77%
Baseball Player
69%
Elf
69%
Rapper
69%
Snowboarder
69%
Space Alien
69%
Tennis Player
69%
Samurai Warrior
62%
Sumo Wrestler
54%
Hula Dancer
46%
Race Car Driver
46%
Space Villian
23%
No matching quizzes found
Score Distribution
Percent of People with Each Score
Percentile by Number Answered
Your Score History
You have not taken this quiz